Термодинамическая устойчивость коксогенных соединений, образующихся на поверхности платиносодержащих катализаторов дегидрирования, при окислении их водой; Нефтехимия; Т. 53, № 4

Detalhes bibliográficos
Parent link:Нефтехимия
Т. 53, № 4.— 2013.— [С. 302-311]
Autor Corporativo: Национальный исследовательский Томский политехнический университет (ТПУ) Институт природных ресурсов (ИПР) Кафедра химической технологии топлива и химической кибернетики (ХТТ)
Outros Autores: Кравцов А. В. Анатолий Васильевич, Иванчина Э. Д. Эмилия Дмитриевна, Ивашкина Е. Н. Елена Николаевна, Францина Е. В. Евгения Владимировна, Киселева С. В., Романовский Р. В. Ростислав Владимирович
Resumo:Заглавие с экрана
Представлены результаты термодинамического анализа и математического моделирования процесса дезактивации платиносодержащего катализатора дегидрирования коксогенными соединениями. Предложен подход к повышению ресурса эффективности данного процесса путем внедрения методики расчета оптимального расхода воды в реактор, основанной на обеспечении условий поддержания термодинамического равновесия реакции коксообразования и окисления промежуточных продуктов уплотнения водой.
Режим доступа: по договору с организацией-держателем ресурса
Idioma:russo
Publicado em: 2013
Assuntos:
Acesso em linha:https://elibrary.ru/item.asp?id=19123968
Formato: Recurso Electrónico Capítulo de Livro
KOHA link:https://koha.lib.tpu.ru/cgi-bin/koha/opac-detail.pl?biblionumber=655750

MARC

LEADER 00000naa0a2200000 4500
001 655750
005 20250331103447.0
035 |a (RuTPU)RU\TPU\network\22031 
035 |a RU\TPU\network\12910 
090 |a 655750 
100 |a 20170927d2013 k||y0rusy50 ca 
101 0 |a rus 
102 |a RU 
135 |a drcn ---uucaa 
181 0 |a i  
182 0 |a b 
200 1 |a Термодинамическая устойчивость коксогенных соединений, образующихся на поверхности платиносодержащих катализаторов дегидрирования, при окислении их водой  |f А. В. Кравцов [и др.] 
203 |a Текст  |c электронный 
300 |a Заглавие с экрана 
320 |a [Библиогр.: 16 назв.] 
330 |a Представлены результаты термодинамического анализа и математического моделирования процесса дезактивации платиносодержащего катализатора дегидрирования коксогенными соединениями. Предложен подход к повышению ресурса эффективности данного процесса путем внедрения методики расчета оптимального расхода воды в реактор, основанной на обеспечении условий поддержания термодинамического равновесия реакции коксообразования и окисления промежуточных продуктов уплотнения водой. 
333 |a Режим доступа: по договору с организацией-держателем ресурса 
461 |t Нефтехимия 
463 |t Т. 53, № 4  |v [С. 302-311]  |d 2013 
610 1 |a электронный ресурс 
610 1 |a труды учёных ТПУ 
610 1 |a дезактивация 
610 1 |a математическое моделирование 
610 1 |a катализаторы 
610 1 |a дегидрирование 
610 1 |a кокс 
610 1 |a термодинамическая устойчивость 
701 1 |a Кравцов  |b А. В.  |c химик-технолог  |c профессор-консультант Томского политехнического университета, доктор технических наук  |f 1938-2012  |g Анатолий Васильевич  |3 (RuTPU)RU\TPU\pers\19827 
701 1 |a Иванчина  |b Э. Д.  |c химик  |c профессор Томского политехнического университета, доктор технических наук  |f 1951-  |g Эмилия Дмитриевна  |3 (RuTPU)RU\TPU\pers\24966 
701 1 |a Ивашкина  |b Е. Н.  |c химик-технолог  |c профессор Томского политехнического университета, доктор технических наук  |f 1983-  |g Елена Николаевна  |3 (RuTPU)RU\TPU\pers\24965  |9 11119 
701 1 |a Францина  |b Е. В.  |c химик-технолог  |c доцент Томского политехнического университета, кандидат технических наук  |f 1985-  |g Евгения Владимировна  |3 (RuTPU)RU\TPU\pers\25034  |9 11167 
701 1 |a Киселева  |b С. В. 
701 1 |a Романовский  |b Р. В.  |c химик-технолог  |c инженер Томского политехнического университета  |f 1987-  |g Ростислав Владимирович  |3 (RuTPU)RU\TPU\pers\28916 
712 0 2 |a Национальный исследовательский Томский политехнический университет (ТПУ)  |b Институт природных ресурсов (ИПР)  |b Кафедра химической технологии топлива и химической кибернетики (ХТТ)  |3 (RuTPU)RU\TPU\col\18665 
801 2 |a RU  |b 63413507  |c 20170927  |g RCR 
856 4 |u https://elibrary.ru/item.asp?id=19123968 
942 |c CF